| 000 | 00626nam a2200193 4500 | ||
|---|---|---|---|
| 001 | 131128 | ||
| 003 | ES-MaACL | ||
| 005 | 20230906193924.0 | ||
| 007 | t| | ||
| 008 | 070214s1959 sp r ||||1| spa d | ||
| 100 | 1 |
_aRodé, O. _998106 |
|
| 245 | 1 | 0 |
_aEstación de hormigonado / _cO. Rodé, A. P. Ducret ; versión española de J. A. Lanuza ; revisada por José Pensado Iglesias. |
| 260 |
_aMadrid : _bS.A.E.T.A., _c1959. |
||
| 300 |
_a200 p. : _bil. ; _c28 cm. |
||
| 700 | 1 |
_aDucret, A. P. _945850 |
|
| 700 | 1 |
_aLanuza, J. A. _970107 |
|
| 700 | 1 |
_aPensado Iglesias, José. _990189 |
|
| 852 |
_aES-MaACL _jC-16412 _bR.44481 |
||
| 999 |
_c131128 _d131128 |
||